000 00505nam a2200181Ia 4500
999 _c28007
_d28007
003 OSt
005 20201130114413.0
008 190216s9999||||xx |||||||||||||| ||und||
020 _a8171308651
040 _coclc
082 _a894.8123
_bMOH/C
100 _aMohanavarma, K L
_96455
245 0 _aChambal /
_cK L Mohanavarma
260 _bD C Books Kerala,
_c1998.
_aKottayam:
300 _a203p
650 _aMalayalam Novel
942 _cBK
_2ddc
_h894.8123
_iMOH/C
_k894.8123
_mMOH/C